000 00671nam a2200253Ia 4500
003 OSt
005 20221007104653.0
006 a|||||r|||| 00| 0
007 ta
008 221006b |||||||| |||| 00| 0 eng d
020 _a0691056455
024 _a16,506
037 _cTextual
040 _aLCO
_cLCO
_beng
041 _2eng
_aeng
082 _aZ73,5ZA, L1
100 _aMinear R.H.
_9706236
245 0 _aVictors' Justice
_bTokyo War Crimes Trial
260 _aNew
_bJersy Princeton University Press USA
_c1971
300 _a229
650 _aCRIMES
_935780
942 _hZ73,5ZA, L1
_cTEXL
999 _c1186069
_d1186069